Biomimicry in Architecture (Record no. 357573)
[ view plain ]
| 000 -LEADER | |
|---|---|
| fixed length control field | 00670nam a22001817a 4500 |
| 005 - DATE AND TIME OF LATEST TRANSACTION | |
| control field | 20240313121548.0 |
| 008 - FIXED-LENGTH DATA ELEMENTS--GENERAL INFORMATION | |
| fixed length control field | 240313b |||||||| |||| 00| 0 eng d |
| 020 ## - INTERNATIONAL STANDARD BOOK NUMBER | |
| International Standard Book Number | 9781859466285 |
| 041 ## - LANGUAGE CODE | |
| Language code of text/sound track or separate title | Eng. |
| 082 ## - DEWEY DECIMAL CLASSIFICATION NUMBER | |
| Edition number | 2nd Ed. |
| Classification number | 720.47 |
| Item number | PAW |
| 100 ## - MAIN ENTRY--PERSONAL NAME | |
| Author | Pawlyn M. |
| 245 ## - TITLE STATEMENT | |
| Title | Biomimicry in Architecture |
| 260 ## - PUBLICATION, DISTRIBUTION, ETC. | |
| Place of publication, distribution, etc. | London |
| Name of publisher, distributor, etc. | RIBA Publishing |
| Date of publication, distribution, etc. | 2016 |
| 300 ## - PHYSICAL DESCRIPTION | |
| Extent | 164 p |
| Other physical details | PB |
| Dimensions | 25 x 19 cm |
| 365 ## - TRADE PRICE | |
| Price type code | INR |
| Price amount | 4047.80 |
| Currency code | Rupaye |
| 500 ## - GENERAL NOTE | |
| Keywords | 1) How can we build more efficient structures?<br/>2) How will we manufacture materials?<br/>3) How will we create zero-waste systems?<br/>4) How will we manage water?<br/>5) How will we control our thermal enviroment? |
| 942 ## - ADDED ENTRY ELEMENTS (KOHA) | |
| Koha item type | Books |
| Withdrawn status | Lost status | Source of classification or shelving scheme | Damaged status | Not for loan | Home library | Current library | Date acquired | Vendor | Budget Code | Net Price | Bill number | Full call number | Barcode | Date last seen | Discount | Actual Price | Bill Date | Koha item type |
|---|---|---|---|---|---|---|---|---|---|---|---|---|---|---|---|---|---|---|
| Dewey Decimal Classification | Dr. Bhanuben Nanavati College of Architecture | Dr. Bhanuben Nanavati College of Architecture | 13/03/2024 | Word Bookshop | B.Arch. | 2550.11 | 2465 | 720.47 PAW | BNCA-BK-12618 | 13/03/2024 | 37% | 4047.80 | 06/03/2024 | Reference book |